La gestión del deporte a través de la calidad

Kaydedildi:
Detaylı Bibliyografya
Asıl Yazarlar: Dorado Suárez, Alberto (Yazar), Gallardo Guerrero, Leonor (Yazar)
Materyal Türü: Kitap
Dil:İspanyolca
Baskı/Yayın Bilgisi: Barcelona INDE 2005
Edisyon:1a. ed
Seri Bilgileri:Biblioteca Gestor Deportivo
Konular:
Etiketler: Etiketle
Etiket eklenmemiş, İlk siz ekleyin!

MARC

LEADER 00000cam a2200000 a 4500
001 UCD6628
003 CL-VaPUC
008 161230e20050000sp |||||||||||||||||spa|d
020 |a 8497290682 
082 0 4 |a 790.0133  |b DOR  |2 21 
100 0 |a Dorado Suárez, Alberto  |e author  |9 590470 
700 0 |a Gallardo Guerrero, Leonor  |e author  |9 590471 
245 1 3 |a La gestión del deporte a través de la calidad 
250 |a 1a. ed 
300 |a 173 p 
942 |c BK 
945 |d 20161230 10:40:00  |a dcastane 
260 |a Barcelona  |b INDE  |c 2005 
650 0 |a Deportes  |9 224367 
650 0 |a Calidad total  |9 259929 
583 |a last modification  |c 20161230 10:40:00  |k Rodrigo Vera 
490 0 |a Biblioteca Gestor Deportivo 
999 |c 366882  |d 366880 
952 |0 0  |1 0  |3 erb  |4 0  |6 790_013300000000000_DOR_2005  |7 0  |8 A  |9 481494  |a BIBEDU  |b BIBEDU  |i 5358655  |o 790.0133 DOR 2005  |p 5358655  |r 2019-11-24  |w 2019-11-24  |y BK  |z Catalogado en:20161230  |k EFI 
952 |0 0  |1 0  |3 erb  |4 0  |6 790_013300000000000_DOR_2005  |7 0  |8 A  |9 481495  |a BIBEDU  |b BIBEDU  |i 5358647  |o 790.0133 DOR 2005  |p 5358647  |r 2019-11-24  |w 2019-11-24  |y BK  |z Catalogado en:20161230  |k EFI 
952 |0 0  |1 0  |3 erb  |4 0  |6 790_013300000000000_DOR_2005  |7 0  |8 A  |9 481496  |a BIBEDU  |b BIBEDU  |i 5358639  |o 790.0133 DOR 2005  |p 5358639  |r 2019-11-24  |w 2019-11-24  |y BK  |z Catalogado en:20161230  |k EFI